| 000 | 00710nam a2200205Ia 4500 | ||
|---|---|---|---|
| 008 | 140609s9999 xx 000 0 und d | ||
| 020 | _a9780521024044 | ||
| 050 |
_aPE 2102 _b.D48 2006 |
||
| 100 | _aDevitt, Amy J. | ||
| 245 |
_aStandardizing written English : _bdiffusion in the case of Scotland, 1520-1659 / _cAmy J. Devitt |
||
| 260 |
_aCambridge [England] ; New York : _bCambridge University Press, _cc2006. |
||
| 300 |
_a122 p. : _bill. ; _c23 cm. |
||
| 500 | _aIncludes bibliographical references and index. | ||
| 521 | _aGE | ||
| 650 |
_aScots language _xHistory. |
||
| 650 |
_aScots language _xStandardization. |
||
| 650 |
_aScots language _xWritten Scots. |
||
| 942 |
_kFOR _cBK |
||
| 999 |
_c118074 _d118074 |
||